| 000 | 01422aam a2200397 i 4500 | ||
|---|---|---|---|
| 001 | 018480736 | ||
| 003 | EG-ScBUE | ||
| 005 | 20240813103649.0 | ||
| 006 | m||||fq||h 00| 0 | ||
| 008 | 151212t2012 njua f 000 0 eng d | ||
| 020 | _a9780205235223 | ||
| 020 | _a0205235220 | ||
| 020 | _a013256775X (cd) | ||
| 020 | _a9780132567756 (cd) | ||
| 040 |
_aDKDLA _beng _erda _cDKDLA _dOCLCO _dOCLCF _dOCLCO _dOCLCQ _dOCLCO _dN$T _dYDX _dOCLCQ _dUk _dEG-ScBUE |
||
| 082 | 0 | 4 |
_a658.150285 _222 _bHOL |
| 100 | 1 |
_aHolden, Craig W., _eauthor. _936474 |
|
| 245 | 1 | 0 |
_aExcel modeling in corporate finance / _cCraig W. Holden, professor of finance, Kelley School of Business, Indiana University. |
| 250 |
_aFourth edition, _binternational edition. |
||
| 264 | 1 |
_aUpper Saddle River, NJ : _bPearson Education, Inc, _c[2012] |
|
| 264 | 4 | _cc2012 | |
| 300 |
_a212 pages : _billustrations ; _c24 cm + _e1 CD |
||
| 336 |
_2rdacontent _atext _btxt |
||
| 336 |
_2rdacontent _asounds _bsnd |
||
| 337 |
_2rdamedia _aaudio _bs |
||
| 337 |
_2rdamedia _aunmediated _bn |
||
| 338 |
_2rdacarrier _acomputer disc _bcd |
||
| 338 |
_2rdacarrier _avolume _bnc |
||
| 630 | 0 | 7 |
_aMicrosoft Excel (Computer file) _2BUEsh _94503 |
| 650 | 7 |
_aCorporations _xFinance. _2BUEsh _92321 |
|
| 650 | 7 |
_aCorporations _xFinance _xMathematical models. _2BUEsh _940838 |
|
| 651 | _2BUEsh | ||
| 653 |
_bBUSADM _bGGEN _cMarch2018 |
||
| 655 | _vReading book | ||
| 942 |
_2ddc _cBB |
||
| 999 |
_c30802 _d30773 |
||